| 000 -LEADER | |
|---|---|
| fixed length control field | 00318nam a22001337a 4500 |
| 005 - DATE AND TIME OF LATEST TRANSACTION | |
| control field | 20260401101015.0 |
| 008 - FIXED-LENGTH DATA ELEMENTS--GENERAL INFORMATION | |
| fixed length control field | 260401b |||||||| |||| 00| 0 eng d |
| 041 ## - LANGUAGE CODE | |
| Language code of text/sound track or separate title | eng |
| 100 ## - MAIN ENTRY--AUTHOR NAME | |
| Personal name | PRIYANSHU TRIPATHI |
| 245 ## - TITLE STATEMENT | |
| Title | THE INTERNSHIP DIERY |
| 260 ## - PUBLICATION, DISTRIBUTION, ETC. (IMPRINT) | |
| Place of publication | NEW DELHI |
| Name of publisher | NAVJAGARAN |
| Year of publication | 2022 |
| 300 ## - PHYSICAL DESCRIPTION | |
| Number of Pages | 75;P |
| 942 ## - ADDED ENTRY ELEMENTS (KOHA) | |
| Koha item type | Book Bank |
| Lost status | Damaged status | Collection code | Home library | Current library | Date acquired | Source of acquisition | Accession Number | Koha item type |
|---|---|---|---|---|---|---|---|---|
| LIFE SKILL | JRU Library | JRU Library | 22/01/2026 | DONATION | 0092/D | Book Bank | ||
| LIFE SKILL | JRU Library | JRU Library | 21/01/2026 | PURCHASE | 0093/D | Book Bank |